000 00473nam a2200145 4500
999 _c11284
_d11284
008 181113b ||||| |||| 00| 0 eng d
022 _a
082 _aDPer 050 T48 Apr - June 2016, v. 187 n. 12-24
100 _aD'addario, Daniel
_937299
245 _aRanch serves old dressing/
_cDaniel D'addario.
260 _aHong Kong;
_bTime Asia,
_cc2016.
300 _av187 n12, page 45:
_billustrations;
_c27cm.
650 0 _932489
_aMotion pictures
_xTelevision
942 _2ddc
_cPER